Report of the Committee On Fighter Aircraft Accidents Vol I Data Analyses Findings and Recommendations (Record no. 225920)

MARC details
000 -LEADER
fixed length control field 00627nam a22001817a 4500
005 - DATE AND TIME OF LATEST TRANSACTION
control field 20240320091724.0
008 - FIXED-LENGTH DATA ELEMENTS--GENERAL INFORMATION
fixed length control field 221219b ||||| |||| 00| 0 eng d
040 ## - CATALOGING SOURCE
Transcribing agency AL
041 ## - LANGUAGE CODE
Language code of text/sound track or separate title English
082 ## - DEWEY DECIMAL CLASSIFICATION NUMBER
Edition number 23
Classification number 629.13255
Item number INDI
100 ## - MAIN ENTRY--PERSONAL NAME
Personal name Ministry of Defence Government of India
100 ## - MAIN ENTRY--PERSONAL NAME
9 (RLIN) 155540
245 ## - TITLE STATEMENT
Title Report of the Committee On Fighter Aircraft Accidents Vol I Data Analyses Findings and Recommendations
260 ## - PUBLICATION, DISTRIBUTION, ETC.
Place of publication, distribution, etc. India
Name of publisher, distributor, etc. Ministry of Defence Government of India
Date of publication, distribution, etc. 1997
300 ## - PHYSICAL DESCRIPTION
Extent 170 p.
Other physical details SB
Dimensions 30x21.7 cm.
650 ## - SUBJECT ADDED ENTRY--TOPICAL TERM
Topical term or geographic name entry element COFAA
9 (RLIN) 66729
700 ## - ADDED ENTRY--PERSONAL NAME
Personal name MINISTRY OF DEFENCE GOVERNMENT OF INDIA
9 (RLIN) 66730
942 ## - ADDED ENTRY ELEMENTS (KOHA)
Source of classification or shelving scheme Dewey Decimal Classification
Koha item type George Fernandes Collections
Holdings
Withdrawn status Lost status Source of classification or shelving scheme Damaged status Not for loan Collection code Home library Current library Date acquired Total Checkouts Full call number Barcode Date last seen Price effective from Koha item type Public note
    Dewey Decimal Classification   Restricted Book Political Science St Aloysius Library St Aloysius Library 03/23/2013   629.13255 INDI GF00448 12/19/2022 12/19/2022 George Fernandes Collections Secret/Confidential